| 000 | 00917 a2200193 4500 | ||
|---|---|---|---|
| 003 | NUST | ||
| 005 | 20251120134349.0 | ||
| 040 | _cNust | ||
| 082 | _a621.382,KHA | ||
| 100 |
_aKharal, NC Mohid Ahmed (TCC-17B) _9131970 |
||
| 245 |
_aMosaicing of orthorectified Images Taken By An Unmanned Aerial Vehicle (UAV) / _cNC Mohid Ahmed Kharal, NC Umar Aftab Anwar, NC Umair Gill and Capt Anwar ul Haq |
||
| 260 |
_aRawalpindi _bMCS (NUST) _cAugust ,2009 |
||
| 300 | _a112 p.; | ||
| 505 | _aIntroduction (Page-1), Common Points Matching (Page-12), Homography Computation (Page-22), Normalization (Page-29), Image Stitching (Page-35), Orthorectification of Images (Page-43), Automatic Matching (Page-52), Results (Page-62), Future Work and Conclusion (Page-74), References (Page-76). | ||
| 650 |
_aUG Projects _998716 |
||
| 651 |
_aTCC-17A _9131971 |
||
| 700 |
_aMaj Dr. Naveed Iqbal Rao _9131972 |
||
| 942 |
_cPR _2ddc |
||
| 999 |
_c188231 _d188231 |
||